00754 2200265 4500001002100000005001500021035002000036007000300056008004100059040002200100082001200122084001200134090001400146245007400160300004100234650003200275850001200307264003700319336002100356337003000377338002300407546003000430041000800460990002000468INLIS00000000087926620230616092126 a0010-0623000339ta230616s1915 jkia g dut d aYOPDYOGbinderda04223a372 a372 VER aL 372 VER00aVerslagen der akten-examens voor lager onderwijs in Nederlansch-Indie a36 halaman :btabel, gambar ;c26 cm 4aPendidikan dasar--xLaporan aYOPDYOG31aBatavia :bLandsdrukkerij,c1915 2rdacontentateks 2rdamediaatanpa perantara 2rdacarrieravolume ateks dalam bahasa Belanda0 adut a70873-PD/A.2023